10 Smallest Countries Of The World - Statistics

General Stats
  • This quiz has been taken 100 times
  • The average score is 8 of 10
Answer Stats
Picture Answer % Correct
Vatican City
100%
San Marino
94%
Monaco
92%
Liechtenstein
91%
Malta
87%
Tuvalu
86%
Nauru
84%
Maldives
73%
Marshall Islands
72%
St Kitts and Nevis
64%
No matching quizzes found
Score Distribution
Percent of People with Each Score
Percentile by Number Answered
Your Score History
You have not taken this quiz